000 00421 a2200145 4500
020 _a9780385528757
040 _aDLC
_bDLC
100 1 _aHeath, Chip.
245 1 0 _aSwitch : how to change things when change is hard
_cChip Heath and Dan Heath.
260 _aNew York :
_bBroadway Books,
_c2010.
300 _a305 p. ;
_c22 cm.
650 0 _aChange (Psychology)
700 1 _aHeath, Dan,
_d1973-
942 _cBK
_k303.4 HEA
_2ddc
999 _c10414
_d10414